00825cam a22002417a 4500003000500000005001700005008004100022010001000063011001000073035001000083040000900093082001800102110007000120245008700190260003900277300002800316490003000344650003500374650003500409650004500444650004300489830005100532CHAP20230822062642.0971013s1977 mx a r 00010 spa d a25312 a26284 a30384 cCHAP04a338.18098bI52 aInstituto Latinoamericano de Planificación Económica y Social13aLa planificación del desarrollo agropecuariob: un enfoque para América Latina aMéxico, D.F. :bSiglo XXI,c1977 a2 v.b: ilus. ; gráfs 0aEconomía y demografía14aAgriculturazAmérica Latina.14aGanaderíaxAmérica Latina.14aPolítica agrícolazAmérica Latina.14aPolítica ganaderaxAmérica Latina.04aEconomía y demografía (Siglo XXI Editores)